000 01313nam1a2200313 i 4500
001 RU\NLR\BIBL_A\012150350
005 20260406073340.0
010 _a9785171155636
035 _a(NLR Aleph) 012150350
090 _a12144691
_c12144691
100 _a20191202g2019 em y0rusy50 ca
101 1 _arus
_ceng
102 _aRU
105 _a||||z||||||||
200 1 _aБуря мечей
_e[роман]
_fДжордж Р.Р. Мартин
_g[пер. с англ. Н.И. Виленской]
_gиллюстрации Чарльза Весса
210 _aМосква
_cАСТ
_d2019
215 _d24
225 1 _aСерия "Иллюстрированная классика. XX век"
300 _aНа обл. авт. не указан
311 _a3-я часть саги "Песнь льда и пламени"
333 _a18+
488 0 _12001#$aПеснь льда и пламени$eсага
_tПеснь льда и пламени
686 1 _aШ6(7США)67-445(Лх1979-62)
700 1 _8rus
_7ca
_aМартин
_bД. Р. Р.
_f1948-
_gДжордж Рэймонд Ричард
_3RU\NLR\AUTH\7731549
_914559
702 1 _4040
_7ca
_8rus
_aВесс
_bЧ.
_f1951-
_gЧарльз
_9147104
_3RU\NLR\AUTH\770147140
852 _aNLR
_j2019-7/7180
942 _cBOOK